000 00659cam a22002173a 4500
001 35447
003 PGUSA
005 20140828083750.0
008 110301s2011||||xxu|||||s|||||000 | eng d
040 _aPGUSA
_beng
042 _adc
100 1 _aDixon, Thomas,
_d1864-1946
245 1 0 _aComrades :
_bA Story of Social Adventure in California
_h[electronic resource] /
_cThomas Dixon
260 _bProject Gutenberg,
_c2011
506 _aPublic domain in the USA.
516 _aElectronic text
700 1 _aWilliams, C. D.
_q(Charles D.),
_d1875-1954
830 0 _aProject Gutenberg
_v35447
856 4 0 _uhttp://www.gutenberg.org/ebooks/35447
942 _cEB
999 _c264702
_d264702